Times por Escudo - Primeira Divisíon 2023 (Argentina) - Statistics

Estatísticas Gerais
  • Esse quiz foi jogado 323 vezes
  • A pontuação média é 18 de 28
Estatísticas das Respostas
Imagem Resposta % Correto
San Lorenzo
94%
Lanús
93%
River Plate
93%
Boca Juniors
92%
Talleres
92%
Independiente
85%
Tigre
85%
Velez Sarsfield
85%
Defensa y Justicia
83%
Estudiantes
83%
Huracán
83%
Racing
78%
Rosário Central
76%
Colón
73%
Arsenal Sarandi
67%
Newells Old Boys
67%
Godoy Cruz
66%
Argentinos Juniors
65%
Banfield
65%
Atlético Tucuman
60%
Gimnasia y Esgrima
44%
Unión
38%
Belgrano
37%
Platense
36%
Central Córdoba
35%
Barracas Central
27%
Sarmiento
26%
Instituto ACC
23%
Nenhum quiz correspondente encontrado
Distribuição das Pontuações
Porcentagem de Pessoas com Cada Pontuação
Percentil de Números Respondidos
Sua Pontuação Histórica
Você não jogou esse quiz